[Event "Madrid ch Veteranos 2010"]
[Site "Madrid ESP"]
[Date "2010.02.11"]
[Round "4.14"]
[White "Martinez Miura, Enrique"]
[Black "Hernandez Del Can, Jose"]
[Result "1/2-1/2"]
[WhiteElo "1724"]
[BlackElo "1821"]
[PlyCount "81"]
[EventDate "2010.02.08"]
[EventType "swiss"]
[EventRounds "9"]
[EventCountry "ESP"]
[Source "lmi"]
[SourceDate "2010.02.08"]

1. e4 c5 2. Nc3 Nc6 3. Nf3 e6 4. d4 cxd4 5. Nxd4 Qb6 6. Nb3 a6 7. Be3 Qd8 8. a3
b5 9. Be2 d6 10. O-O Be7 11. f4 Nf6 12. Kh1 Bb7 13. Bf3 Qc7 14. Qe1 Na5 15.
Nxa5 Qxa5 16. Qf2 Qc7 17. Rad1 Rc8 18. Bb6 Qb8 19. Be3 Qa8 20. e5 Bxf3 21. gxf3
Ng4 22. Qg1 Nxe3 23. Qxe3 dxe5 24. fxe5 O-O 25. Rd2 h6 26. Qe4 Bxa3 27. Qxa8
Rxa8 28. bxa3 Rac8 29. Ne4 Rc7 30. Nd6 Rc3 31. Rd3 Rxc2 32. Re3 Rd8 33. Rfe1 f5
34. f4 Rf2 35. Rc1 Rxf4 36. Rc7 b4 37. axb4 Rxb4 38. Ra7 f4 39. Rc3 g5 40. Rcc7
f3 41. Rg7+ 1/2-1/2

[Event "Madrid ch Veteranos 2010"]
[Site "Madrid ESP"]
[Date "2010.02.11"]
[Round "4.15"]
[White "Tome Salvador, Jose Antonio"]
[Black "Fernandez Garcia, Ignacio"]
[Result "1/2-1/2"]
[WhiteElo "1739"]
[BlackElo "1905"]
[PlyCount "112"]
[EventDate "2010.02.08"]
[EventType "swiss"]
[EventRounds "9"]
[EventCountry "ESP"]
[Source "lmi"]
[SourceDate "2010.02.08"]

1. d4 Nf6 2. c4 g6 3. Nf3 Bg7 4. e3 d6 5. Be2 O-O 6. O-O Na6 7. Nc3 c5 8. d5
Nc7 9. a4 Rb8 10. Qc2 a6 11. Rb1 b5 12. axb5 axb5 13. b3 Bd7 14. Bd3 b4 15. Ne4
Ra8 16. Bb2 Ra2 17. Qc1 Bg4 18. Nxf6+ exf6 19. Nd2 Qe7 20. Ra1 Rxa1 21. Qxa1
Ra8 22. Qc1 Bh6 23. Re1 f5 24. Nf1 Ne8 25. h3 Bh5 26. Ng3 Qh4 27. Nxh5 Qxh5 28.
Qc2 Qh4 29. Ra1 Qd8 30. Rxa8 Qxa8 31. Qb1 Bg7 32. f4 Bxb2 33. Qxb2 Qa3 34. Qb1
Kg7 35. g4 fxg4 36. hxg4 Nf6 37. Be2 Nd7 38. Kf2 f6 39. Bd3 Nf8 40. Qd1 Qb2+
41. Qc2 Qxc2+ 42. Bxc2 g5 43. Kg3 h6 44. Bf5 gxf4+ 45. exf4 Ng6 46. Bd3 Ne7 47.
Kh4 Kf7 48. Bc2 Kg7 49. Bd3 Nc8 50. Bc2 Nb6 51. Bd3 Na8 52. Bc2 Nc7 53. Bd3 Ne8
54. Bc2 Kf7 55. Kh5 Kg7 56. Bd3 Nc7 1/2-1/2

[Event "Madrid ch Veteranos 2010"]
[Site "Madrid ESP"]
[Date "2010.02.11"]
[Round "4.16"]
[White "Ramos Orea, Tomas"]
[Black "Alvarez Escudero, Manuel"]
[Result "0-1"]
[WhiteElo "1715"]
[BlackElo "1839"]
[PlyCount "74"]
[EventDate "2010.02.08"]
[EventType "swiss"]
[EventRounds "9"]
[EventCountry "ESP"]
[Source "lmi"]
[SourceDate "2010.02.08"]

1. e4 e5 2. Nc3 d6 3. g3 Nf6 4. Bg2 Bg4 5. Nge2 Nc6 6. d3 Nd4 7. O-O Qd7 8. f3
Bh3 9. Nxd4 exd4 10. Ne2 Bxg2 11. Kxg2 c5 12. Ng1 Be7 13. f4 h6 14. Nf3 Nh7 15.
Qe2 O-O-O 16. Bd2 f5 17. e5 Qc6 18. Kg1 Rde8 19. Qf2 g5 20. fxg5 hxg5 21. exd6
Bxd6 22. b4 f4 23. g4 Nf6 24. Qg2 Qd5 25. bxc5 Qxc5 26. Rab1 Re7 27. Bb4 Qd5
28. Bxd6 Qxd6 29. Nd2 Qd7 30. h3 Nd5 31. Nc4 Ne3 32. Nxe3 dxe3 33. Rf3 Qd4 34.
Qe2 Reh7 35. Kg2 Qd5 36. Kh2 Qxa2 37. Rb5 Rc7 0-1

[Event "Madrid ch Veteranos 2010"]
[Site "Madrid ESP"]
[Date "2010.02.11"]
[Round "4.17"]
[White "Alfageme Sanchez, Jesus"]
[Black "Cortijo Manso, Luis"]
[Result "1-0"]
[WhiteElo "1825"]
[BlackElo "1614"]
[PlyCount "55"]
[EventDate "2010.02.08"]
[EventType "swiss"]
[EventRounds "9"]
[EventCountry "ESP"]
[Source "lmi"]
[SourceDate "2010.02.08"]

1. e4 c5 2. Nf3 e6 3. Nc3 a6 4. d3 Nc6 5. a3 Nge7 6. Be2 g6 7. Bg5 Bg7 8. Qd2
O-O 9. Bh6 d5 10. Bxg7 Kxg7 11. e5 Qc7 12. Qg5 Ng8 13. h4 Qe7 14. Qg3 Nh6 15.
h5 Nf5 16. Qh3 Rh8 17. hxg6 fxg6 18. g4 Nfd4 19. Nxd4 Nxd4 20. O-O-O b5 21.
Qh6+ Kg8 22. Qe3 Bb7 23. f4 Nxe2+ 24. Nxe2 d4 25. Qh3 Bxh1 26. Qxh1 a5 27.
Qxa8+ Kg7 28. Qxa5 1-0

[Event "Madrid ch Veteranos 2010"]
[Site "Madrid ESP"]
[Date "2010.02.11"]
[Round "4.18"]
[White "Rodriguez Lopez-Cañizares, Francisco"]
[Black "Olano Lanchas, Dionisio"]
[Result "0-1"]
[WhiteElo "1699"]
[BlackElo "1822"]
[PlyCount "32"]
[EventDate "2010.02.08"]
[EventType "swiss"]
[EventRounds "9"]
[EventCountry "ESP"]
[Source "lmi"]
[SourceDate "2010.02.08"]

1. e4 e5 2. f4 exf4 3. Nf3 Be7 4. h4 d6 5. d4 Bg4 6. Nbd2 Nc6 7. Bb5 a6 8.
Bxc6+ bxc6 9. Qe2 Nf6 10. b3 Nh5 11. Qc4 O-O 12. Bb2 c5 13. O-O-O Ng3 14. Rh2
Bd7 15. dxc5 Bb5 16. Qd4 Ne2+ 0-1

[Event "Madrid ch Veteranos 2010"]
[Site "Madrid ESP"]
[Date "2010.02.11"]
[Round "4.19"]
[White "Poblador Dieguez, Alfredo"]
[Black "Diaz Begonte, Manuel"]
[Result "0-1"]
[WhiteElo "1673"]
[BlackElo "1820"]
[PlyCount "74"]
[EventDate "2010.02.08"]
[EventType "swiss"]
[EventRounds "9"]
[EventCountry "ESP"]
[Source "lmi"]
[SourceDate "2010.02.08"]

1. d4 d5 2. c4 c6 3. Nc3 dxc4 4. e3 b5 5. Nxb5 cxb5 6. Qf3 Nc6 7. Qxc6+ Bd7 8.
Qe4 Nf6 9. Qc2 e6 10. Bd2 Bc6 11. Nf3 Be4 12. Qd1 Qd5 13. Be2 Rc8 14. O-O Bd6
15. h3 O-O 16. a3 Rfd8 17. Ba5 Bc7 18. Bc3 Qd6 19. Ne5 Nd5 20. g3 f6 21. Nf3
Nxe3 22. Bb4 Nxd1 23. Bxd6 Nxb2 24. Bxc7 Rxc7 25. Ra2 Na4 26. Rd2 Nc3 27. Ne1
Nxe2+ 28. Rxe2 Rxd4 29. f3 Bd3 30. Nxd3 Rxd3 31. Ra2 Kf7 32. Kf2 Rcd7 33. Ke2
Rb3 34. g4 a5 35. h4 Rdd3 36. a4 b4 37. Rc1 Re3+ 0-1

[Event "Madrid ch Veteranos 2010"]
[Site "Madrid ESP"]
[Date "2010.02.11"]
[Round "4.22"]
[White "Corredor Gonzalez, Angel L"]
[Black "Moral Gonzalez, Vicente"]
[Result "1/2-1/2"]
[WhiteElo "1768"]
[BlackElo "1544"]
[PlyCount "49"]
[EventDate "2010.02.08"]
[EventType "swiss"]
[EventRounds "9"]
[EventCountry "ESP"]
[Source "lmi"]
[SourceDate "2010.02.08"]

1. e4 c5 2. Nf3 d6 3. d4 cxd4 4. Nxd4 Nf6 5. Nc3 a6 6. Bg5 h6 7. Bh4 e5 8. Nb3
Be7 9. Be2 g5 10. Bg3 Nc6 11. Qd2 Be6 12. O-O-O Bxb3 13. axb3 b5 14. f3 b4 15.
Na2 Qa5 16. Kb1 Rd8 17. Bc4 g4 18. fxg4 Nxe4 19. Qd5 Qxd5 20. Bxd5 Nxg3 21.
Bxc6+ Kf8 22. hxg3 Rc8 23. Bd5 Rg8 24. Rdf1 Rg7 25. Rxh6 1/2-1/2

[Event "Madrid ch Veteranos 2010"]
[Site "Madrid ESP"]
[Date "2010.02.11"]
[Round "4.24"]
[White "Zamora Pastora, Roger"]
[Black "Martin Rodriguez, Jose Luis"]
[Result "1/2-1/2"]
[WhiteElo "1592"]
[BlackElo "1511"]
[PlyCount "57"]
[EventDate "2010.02.08"]
[EventType "swiss"]
[EventRounds "9"]
[EventCountry "ESP"]
[Source "lmi"]
[SourceDate "2010.02.08"]

1. d4 Nf6 2. Nf3 e6 3. c4 d5 4. Nc3 c5 5. e3 cxd4 6. exd4 dxc4 7. Bxc4 Be7 8.
O-O O-O 9. h3 a6 10. a4 Nbd7 11. Bf4 Nb6 12. Ba2 Nbd5 13. Bh2 h6 14. Ne5 Bd7
15. Rc1 Rc8 16. Bb3 Bb4 17. Qf3 Qa5 18. Nc4 Qd8 19. Be5 Bc6 20. Qd3 Be8 21. Rc2
Bc6 22. Rfc1 Nh7 23. Qg3 Qg5 24. Ne4 Qxg3 25. Nxg3 Rcd8 26. Ne2 f6 27. Bg3 h5
28. Nf4 Rfe8 29. Nxh5 1/2-1/2

[Event "Madrid ch Veteranos 2010"]
[Site "Madrid ESP"]
[Date "2010.02.12"]
[Round "5.1"]
[White "Lorite Cruz, Francisco"]
[Black "Garcia Gutierrez, Jose"]
[Result "1-0"]
[WhiteElo "2073"]
[BlackElo "2027"]
[PlyCount "101"]
[EventDate "2010.02.08"]
[EventType "swiss"]
[EventRounds "9"]
[EventCountry "ESP"]
[Source "lmi"]
[SourceDate "2010.02.08"]

1. c4 e5 2. Nc3 Nc6 3. g3 f5 4. Bg2 Nf6 5. e3 d5 6. a3 d4 7. Nd5 Be6 8. Nxf6+
Qxf6 9. d3 Be7 10. Ne2 O-O 11. exd4 exd4 12. O-O Rab8 13. Nf4 Bf7 14. Re1 Rfe8
15. Nd5 Bxd5 16. Bxd5+ Kh8 17. Re6 Qf8 18. b4 Bf6 19. Bf4 Rxe6 20. Bxe6 Be5 21.
Qf3 Re8 22. Bd7 Re7 23. Bxc6 Bxf4 24. Bxb7 Bd2 25. Ra2 Re1+ 26. Kg2 Bc1 27. c5
g6 28. Ba6 Qf6 29. Bc4 Kg7 30. h4 f4 31. a4 Qe5 32. g4 Qe7 33. g5 h6 34. Qd5
hxg5 35. hxg5 f3+ 36. Qxf3 Qxg5+ 37. Qg3 Qh5 38. Qxc7+ Kh6 39. Qh2 Qxh2+ 40.
Kxh2 Kg5 41. Kg2 Kf4 42. b5 Ke5 43. Kf3 Kf5 44. a5 g5 45. b6 Re7 46. Bd5 Bf4
47. Be4+ Ke5 48. Re2 Rg7 49. Bb7+ Kf5 50. bxa7 g4+ 51. Kg2 1-0

[Event "Madrid ch Veteranos 2010"]
[Site "Madrid ESP"]
[Date "2010.02.12"]
[Round "5.2"]
[White "Estrada Martinez, Cesar"]
[Black "Sanchez-Guijaldo Vela, Demetrio"]
[Result "1/2-1/2"]
[WhiteElo "2182"]
[BlackElo "2149"]
[PlyCount "89"]
[EventDate "2010.02.08"]
[EventType "swiss"]
[EventRounds "9"]
[EventCountry "ESP"]
[Source "lmi"]
[SourceDate "2010.02.08"]

1. c4 e5 2. g3 d6 3. Bg2 f5 4. Nc3 Nf6 5. d3 c6 6. e3 g6 7. Nge2 Bg7 8. O-O O-O
9. d4 e4 10. b3 d5 11. Ba3 Re8 12. Rc1 Bf8 13. Bxf8 Rxf8 14. Qc2 Be6 15. Nf4
Bf7 16. cxd5 cxd5 17. Na4 Nc6 18. Nc5 Qe7 19. Nxb7 Nxd4 20. Qc7 Qxc7 21. Rxc7
Nb5 22. Rc5 a6 23. a4 Rfb8 24. Na5 Nd6 25. Ne2 Nb7 26. Nxb7 Rxb7 27. Nd4 Nd7
28. Rc3 Ne5 29. Rfc1 Kg7 30. Bf1 Kf6 31. Be2 g5 32. Rc7 Rxc7 33. Rxc7 a5 34.
Kf1 f4 35. gxf4 gxf4 36. exf4 Ng6 37. Bh5 Ra6 38. Bxg6 hxg6 39. Rc6+ Rxc6 40.
Nxc6 Be8 41. Nxa5 Kf5 42. Nb7 Kxf4 43. Nd6 Bd7 44. Nb7 Ke5 45. a5 1/2-1/2

[Event "Madrid ch Veteranos 2010"]
[Site "Madrid ESP"]
[Date "2010.02.12"]
[Round "5.3"]
[White "Ciuro Muñoz, Ricardo"]
[Black "Garcia Esteban, Juan Ignacio"]
[Result "0-1"]
[WhiteElo "2138"]
[BlackElo "2002"]
[PlyCount "120"]
[EventDate "2010.02.08"]
[EventType "swiss"]
[EventRounds "9"]
[EventCountry "ESP"]
[Source "lmi"]
[SourceDate "2010.02.08"]

1. e4 c5 2. Nf3 e6 3. d4 cxd4 4. Nxd4 a6 5. g3 Nc6 6. Bg2 Nf6 7. O-O Be7 8. c4
O-O 9. Nc3 d6 10. Nc2 Ne5 11. b3 Bd7 12. h3 Rc8 13. Bb2 Bc6 14. Nd4 Be8 15. Rc1
Nc6 16. Nde2 Qa5 17. a3 Qd8 18. Nd4 Nxd4 19. Qxd4 Bc6 20. Rcd1 Ne8 21. Qd2 Bf6
22. Ne2 Bxb2 23. Qxb2 e5 24. f4 Qc7 25. Kh2 Nf6 26. Nc3 Rce8 27. f5 b6 28. g4
Rd8 29. Qe2 h6 30. Qe3 Nh7 31. Rd3 b5 32. cxb5 axb5 33. Nd5 Bxd5 34. Rxd5 Rb8
35. Rfd1 Rfd8 36. Qd3 b4 37. a4 Nf6 38. Rxd6 Rdc8 39. Qg3 Qe7 40. R1d3 Rc2 41.
Rd2 Rc3 42. R6d3 Rc1 43. Qe3 Rbc8 44. Qb6 Kh7 45. Rd6 Nxg4+ 46. hxg4 Qh4+ 47.
Bh3 R8c3 48. R6d3 Rxd3 49. Rxd3 Rc2+ 50. Kh1 Qe1+ 51. Qg1 Qxe4+ 52. Bg2 Qxd3
53. Qe1 f6 54. Kh2 Qxb3 55. a5 Qa2 56. Qe4 b3 57. a6 Qxa6 58. g5 hxg5 59. Qg4
Kg8 60. Qh5 Qc6 0-1

[Event "Madrid ch Veteranos 2010"]
[Site "Madrid ESP"]
[Date "2010.02.12"]
[Round "5.4"]
[White "Minguela Muñoz, Bienvenido"]
[Black "Lopez Heras, Arturo"]
[Result "0-1"]
[WhiteElo "1900"]
[BlackElo "2005"]
[PlyCount "80"]
[EventDate "2010.02.08"]
[EventType "swiss"]
[EventRounds "9"]
[EventCountry "ESP"]
[Source "lmi"]
[SourceDate "2010.02.08"]

1. Nf3 Nf6 2. d4 g6 3. g3 Bg7 4. Bg2 O-O 5. c4 c5 6. O-O cxd4 7. Nxd4 Nc6 8. e3
a6 9. Nc3 Qc7 10. Nd5 Nxd5 11. cxd5 Nxd4 12. exd4 d6 13. Be3 Bd7 14. Rc1 Qb6
15. Qd2 Rac8 16. Rc3 Rxc3 17. bxc3 Rc8 18. Rc1 Bb5 19. Qb2 Qc7 20. Bh3 f5 21.
g4 fxg4 22. Bxg4 Bd7 23. Be2 Bh3 24. c4 Qd7 25. Rc3 Rc7 26. Qc2 Qc8 27. a4 Bf5
28. Qd1 Be4 29. Bg4 Bf5 30. Bf3 Rxc4 31. Rxc4 Qxc4 32. Qc1 Qb4 33. Kg2 Qb1 34.
Qc3 Qc2 35. Qb4 Bc8 36. Bg5 Qf5 37. Bxe7 Qh3+ 38. Kg1 Qxf3 39. Kf1 Bh3+ 40. Ke1
Qe4+ 0-1

[Event "Madrid ch Veteranos 2010"]
[Site "Madrid ESP"]
[Date "2010.02.12"]
[Round "5.6"]
[White "Pardo Robles, Jose Manuel"]
[Black "Carbonell Martinez, Juan"]
[Result "0-1"]
[WhiteElo "1888"]
[BlackElo "2083"]
[PlyCount "64"]
[EventDate "2010.02.08"]
[EventType "swiss"]
[EventRounds "9"]
[EventCountry "ESP"]
[Source "lmi"]
[SourceDate "2010.02.08"]

1. d4 Nf6 2. c4 e6 3. Nf3 b6 4. a3 Be7 5. Nc3 O-O 6. Bf4 Nh5 7. Bg3 Ba6 8. e3
d5 9. Nd2 g6 10. Be2 Nxg3 11. hxg3 c6 12. b4 dxc4 13. Bxc4 Bxc4 14. Nxc4 a5 15.
bxa5 b5 16. Ne5 Qxa5 17. Qd2 b4 18. Ne4 bxa3 19. Qxa5 Rxa5 20. Kd2 Rd8 21. Rhb1
f5 22. Nc3 Rxe5 23. Rxb8 Rxb8 24. dxe5 Rb2+ 25. Kd3 Rxf2 26. Ne2 Bb4 27. Nd4 c5
28. Nxe6 Rxg2 29. Kc4 Rxg3 30. Nxc5 Bxc5 31. Kxc5 Rxe3 32. Kd5 Kf7 0-1

[Event "Madrid ch Veteranos 2010"]
[Site "Madrid ESP"]
[Date "2010.02.12"]
[Round "5.7"]
[White "Lopez Peral, Enrique"]
[Black "Fuentes Arjona, Antonio"]
[Result "1/2-1/2"]
[WhiteElo "1872"]
[BlackElo "2041"]
[PlyCount "83"]
[EventDate "2010.02.08"]
[EventType "swiss"]
[EventRounds "9"]
[EventCountry "ESP"]
[Source "lmi"]
[SourceDate "2010.02.08"]

1. c4 Nf6 2. Nf3 c5 3. g3 g6 4. Bg2 Bg7 5. O-O O-O 6. Nc3 d6 7. d4 cxd4 8. Nxd4
Nbd7 9. Qc2 Nc5 10. e3 Bd7 11. Bd2 Qc8 12. Rad1 Bh3 13. f3 Bxg2 14. Kxg2 Ne6
15. Nxe6 Qxe6 16. Qd3 Rfc8 17. b3 Rc5 18. Ne2 d5 19. Nf4 Qc6 20. cxd5 Nxd5 21.
e4 Nc3 22. Bxc3 Rxc3 23. Qd7 Rc2+ 24. Rf2 Rxf2+ 25. Kxf2 Qb6+ 26. Kg2 e6 27.
Qd6 Qb5 28. Qd3 Qa5 29. Qc2 Bf6 30. Rd3 Qb5 31. Rd2 b6 32. Ne2 Qa6 33. Qd3 Qa5
34. Qc2 h5 35. Nf4 Bg5 36. Rd3 Qe5 37. Ne2 Be7 38. Qc3 Qxc3 39. Rxc3 Bc5 40.
Rc2 Rd8 41. Nc3 Rd3 42. Nb5 1/2-1/2

[Event "Madrid ch Veteranos 2010"]
[Site "Madrid ESP"]
[Date "2010.02.12"]
[Round "5.8"]
[White "Moragrega Herrero, Juan Jose"]
[Black "Leniz Martinez, Francisco"]
[Result "1-0"]
[WhiteElo "1981"]
[BlackElo "1845"]
[PlyCount "57"]
[EventDate "2010.02.08"]
[EventType "swiss"]
[EventRounds "9"]
[EventCountry "ESP"]
[Source "lmi"]
[SourceDate "2010.02.08"]

1. d4 d5 2. c4 c6 3. Nc3 Nf6 4. Bf4 e6 5. c5 Be7 6. h3 O-O 7. b4 Re8 8. Nf3 a6
9. e3 Nbd7 10. Bd3 Nf8 11. O-O Bd7 12. Qc2 Ng6 13. Bh2 Bf8 14. a4 b5 15. axb5
axb5 16. Qb2 Qe7 17. Ra3 Rec8 18. Rfa1 Qe8 19. Qa2 Rxa3 20. Qxa3 Be7 21. Qa7
Qd8 22. g4 h6 23. Bxg6 fxg6 24. Ne5 Be8 25. Nd3 g5 26. Qb7 Qd7 27. Qa6 Bd8 28.
Bd6 Be7 29. Bxe7 1-0

[Event "Madrid ch Veteranos 2010"]
[Site "Madrid ESP"]
[Date "2010.02.12"]
[Round "5.11"]
[White "Martin-Consuegra Barrilero, Francisco Javier"]
[Black "Alfageme Sanchez, Jesus"]
[Result "1-0"]
[WhiteElo "1905"]
[BlackElo "1825"]
[PlyCount "67"]
[EventDate "2010.02.08"]
[EventType "swiss"]
[EventRounds "9"]
[EventCountry "ESP"]
[Source "lmi"]
[SourceDate "2010.02.08"]

1. d4 d5 2. Nf3 Nf6 3. Bf4 c6 4. e3 Bg4 5. Be2 e6 6. Nbd2 Bd6 7. Bg3 Bxg3 8.
hxg3 h6 9. c4 Nbd7 10. Qb3 Qc7 11. Rc1 Qb6 12. Qxb6 axb6 13. a3 O-O 14. Ne5
Bxe2 15. Nxd7 Nxd7 16. Kxe2 Nf6 17. f3 Nd7 18. cxd5 exd5 19. Rc3 b5 20. Nb3
Rfe8 21. Nc5 Nxc5 22. dxc5 d4 23. Rd3 Rxe3+ 24. Rxe3 dxe3 25. Rd1 Kf8 26. Rd7
Rb8 27. Kxe3 Re8+ 28. Kd2 Rb8 29. Kc3 g6 30. Kb4 Kg7 31. Ka5 Kf6 32. Kb6 Ke6
33. Rd6+ Ke5 34. Kc7 1-0

[Event "Madrid ch Veteranos 2010"]
[Site "Madrid ESP"]
[Date "2010.02.12"]
[Round "5.12"]
[White "Rodriguez Bachiller, Luis"]
[Black "Hernandez Del Can, Jose"]
[Result "1-0"]
[WhiteElo "1897"]
[BlackElo "1821"]
[PlyCount "85"]
[EventDate "2010.02.08"]
[EventType "swiss"]
[EventRounds "9"]
[EventCountry "ESP"]
[Source "lmi"]
[SourceDate "2010.02.08"]

1. e4 c5 2. Nf3 d6 3. d4 cxd4 4. Nxd4 Nf6 5. Nc3 a6 6. Be3 e6 7. Qd2 Be7 8. f3
Nc6 9. O-O-O h6 10. g4 Nh7 11. h4 Bxh4 12. Nxc6 bxc6 13. Qxd6 Qxd6 14. Rxd6 Bg5
15. f4 Be7 16. Rxc6 O-O 17. Bd3 Bb4 18. Bc5 Bxc5 19. Rxc5 Bd7 20. e5 Rfc8 21.
Rxc8+ Bxc8 22. g5 Bb7 23. Rh2 Rd8 24. gxh6 g6 25. Ne4 Bxe4 26. Bxe4 Rd4 27. Re2
Nf8 28. c3 Rd8 29. Bc6 Kh7 30. Rd2 Rb8 31. Rh2 a5 32. Kc2 Rc8 33. Bb5 Rc7 34.
Kb3 Nd7 35. Bxd7 Rxd7 36. Kc2 Rd5 37. Rd2 Rc5 38. a3 Kxh6 39. b4 axb4 40. axb4
Rc7 41. Kb3 g5 42. fxg5+ Kxg5 43. Rf2 1-0

[Event "Madrid ch Veteranos 2010"]
[Site "Madrid ESP"]
[Date "2010.02.12"]
[Round "5.13"]
[White "Lastras Hernandez, Tomas"]
[Black "Diaz Begonte, Manuel"]
[Result "1-0"]
[WhiteElo "1885"]
[BlackElo "1820"]
[PlyCount "83"]
[EventDate "2010.02.08"]
[EventType "swiss"]
[EventRounds "9"]
[EventCountry "ESP"]
[Source "lmi"]
[SourceDate "2010.02.08"]

1. d4 d5 2. c4 c6 3. Nc3 dxc4 4. a4 Nf6 5. e3 Bf5 6. Bxc4 e6 7. Nf3 Be7 8. O-O
O-O 9. h3 Nbd7 10. Re1 Bb4 11. Bd2 Bxc3 12. bxc3 Ne4 13. Bb3 Qf6 14. c4 Nxd2
15. Nxd2 Qg6 16. Qf3 Bc2 17. e4 Bxb3 18. Nxb3 Nf6 19. Rad1 Rfd8 20. e5 Nd7 21.
Na5 Rab8 22. Rb1 Nb6 23. Red1 Rxd4 24. Rxd4 Qxb1+ 25. Rd1 Qb4 26. Nxb7 Nxc4 27.
Qxc6 g6 28. Nd8 Nxe5 29. Qc7 Qb6 30. Qe7 Rc8 31. Kh2 Qc7 32. Qe8+ Kg7 33. f4
Nc6 34. Nxe6+ fxe6 35. Rd7+ Kh6 36. Qf7 Qxd7 37. Qxd7 Rf8 38. Qxc6 Rxf4 39. Qc1
g5 40. Qc6 Rf6 41. Qa6 Kg6 42. Qxa7 1-0

[Event "Madrid ch Veteranos 2010"]
[Site "Madrid ESP"]
[Date "2010.02.12"]
[Round "5.14"]
[White "Gonzalez Cespedes, Manuel"]
[Black "Garcia Lopez, Pedro"]
[Result "1-0"]
[WhiteElo "1810"]
[BlackElo "1855"]
[PlyCount "99"]
[EventDate "2010.02.08"]
[EventType "swiss"]
[EventRounds "9"]
[EventCountry "ESP"]
[Source "lmi"]
[SourceDate "2010.02.08"]

1. d4 d5 2. c4 e6 3. Nc3 c6 4. cxd5 exd5 5. Nf3 Bd6 6. h3 Nf6 7. Bg5 h6 8. Bxf6
Qxf6 9. e3 O-O 10. Bd3 Bf5 11. O-O Re8 12. Bxf5 Qxf5 13. Rc1 Nd7 14. Na4 Qf6
15. Qd2 a5 16. Nc5 Nxc5 17. dxc5 Bc7 18. a4 Re4 19. b3 Rae8 20. Qc3 Qg6 21.
Rcd1 Qf5 22. Rd4 Rxd4 23. Qxd4 Re4 24. Qc3 f6 25. Qd3 g5 26. Nd2 Re5 27. Qxf5
Rxf5 28. Nf3 Kf7 29. Rd1 h5 30. e4 Rf4 31. exd5 cxd5 32. Rxd5 Ke7 33. Kf1 Rb4
34. Rd3 Be5 35. Nxe5 fxe5 36. Ke2 Ke6 37. Ke3 Kf5 38. f3 g4 39. fxg4+ hxg4 40.
Kd2 Rf4 41. Kc3 Rf2 42. hxg4+ Kxg4 43. Re3 Kf4 44. Rd3 Rxg2 45. Rd7 e4 46. Rxb7
e3 47. Rf7+ Ke5 48. c6 Ke4 49. Re7+ Kf3 50. c7 1-0

[Event "Madrid ch Veteranos 2010"]
[Site "Madrid ESP"]
[Date "2010.02.12"]
[Round "5.15"]
[White "Beekhof Harmsen, Willen"]
[Black "Ortega Morales, Pedro"]
[Result "1/2-1/2"]
[WhiteElo "1849"]
[BlackElo "1791"]
[PlyCount "60"]
[EventDate "2010.02.08"]
[EventType "swiss"]
[EventRounds "9"]
[EventCountry "ESP"]
[Source "lmi"]
[SourceDate "2010.02.08"]

1. d4 Nf6 2. Nf3 d5 3. Nc3 Bf5 4. Bf4 e6 5. e3 Bd6 6. Ne5 Bb4 7. a3 Bxc3+ 8.
bxc3 Ne4 9. c4 c5 10. Bd3 Qa5+ 11. Kf1 cxd4 12. exd4 Nc6 13. Qe1 Qxe1+ 14. Rxe1
Nxd4 15. cxd5 Nc5 16. Bxf5 Nxf5 17. g4 Ne7 18. Be3 Nd7 19. Nxd7 Kxd7 20. dxe6+
fxe6 21. Bd4 Rhg8 22. Re2 Nc6 23. Bb2 Raf8 24. Kg2 Rf4 25. h3 g5 26. Rd1+ Ke7
27. Rde1 Rg6 28. Kg3 Nd4 29. Bxd4 Rxd4 30. Rb1 b6 1/2-1/2

[Event "Madrid ch Veteranos 2010"]
[Site "Madrid ESP"]
[Date "2010.02.12"]
[Round "5.16"]
[White "Alvarez Escudero, Manuel"]
[Black "Martinez Miura, Enrique"]
[Result "1/2-1/2"]
[WhiteElo "1839"]
[BlackElo "1724"]
[PlyCount "77"]
[EventDate "2010.02.08"]
[EventType "swiss"]
[EventRounds "9"]
[EventCountry "ESP"]
[Source "lmi"]
[SourceDate "2010.02.08"]

1. e4 e6 2. d4 d5 3. exd5 exd5 4. Bd3 Bd6 5. h3 h6 6. Nf3 Nf6 7. O-O O-O 8. Re1
Be6 9. Nc3 c6 10. Ne2 Qc7 11. Be3 Kh8 12. Qc1 Ng8 13. Nf4 Bxf4 14. Bxf4 Qc8 15.
Kh1 Bf5 16. Bxf5 Qxf5 17. Re5 Qd7 18. Rh5 Qe6 19. Qd2 Nd7 20. Ne5 Nxe5 21. Rxe5
Qg6 22. Rae1 f6 23. R5e3 Rfe8 24. Rg3 Qf7 25. Ree3 Rxe3 26. fxe3 g5 27. Bd6 Qd7
28. Ba3 Qc7 29. Qf2 h5 30. Kg1 h4 31. Rf3 a5 32. Rf5 b5 33. Bc5 Re8 34. Qf3 Qh7
35. b3 Rxe3 36. Qxe3 Qxf5 37. Qe8 Qe4 38. Qxc6 Qe1+ 39. Kh2 1/2-1/2

[Event "Madrid ch Veteranos 2010"]
[Site "Madrid ESP"]
[Date "2010.02.12"]
[Round "5.17"]
[White "Fernandez Garcia, Ignacio"]
[Black "Gonzalo Gonzalez, Francisco"]
[Result "1-0"]
[WhiteElo "1905"]
[BlackElo "1761"]
[PlyCount "67"]
[EventDate "2010.02.08"]
[EventType "swiss"]
[EventRounds "9"]
[EventCountry "ESP"]
[Source "lmi"]
[SourceDate "2010.02.08"]

1. e4 c5 2. f4 Nc6 3. Bc4 Na5 4. Be2 d6 5. c3 Nf6 6. d3 g6 7. Nf3 Bg4 8. O-O
Bg7 9. h3 Be6 10. g4 Qb6 11. c4 h5 12. g5 Nd7 13. Kh2 O-O-O 14. Nc3 f6 15. Bd2
Bf7 16. a3 Nc6 17. b4 fxg5 18. Nxg5 Rdf8 19. Rb1 Qc7 20. Nb5 Qb8 21. Be3 a6 22.
bxc5 axb5 23. cxb5 Nd4 24. c6 Nb6 25. cxb7+ Kxb7 26. a4 Nxe2 27. Qxe2 Nxa4 28.
Nxf7 Nc3 29. Qf3 Nxb1 30. e5+ Kc8 31. Rc1+ Kd7 32. Qc6+ Ke6 33. Ng5+ Kf5 34.
Qe4# 1-0

[Event "Madrid ch Veteranos 2010"]
[Site "Madrid ESP"]
[Date "2010.02.12"]
[Round "5.18"]
[White "Fernandez- Bujarrabal, Pedro"]
[Black "Tome Salvador, Jose Antonio"]
[Result "1-0"]
[WhiteElo "1804"]
[BlackElo "1739"]
[PlyCount "47"]
[EventDate "2010.02.08"]
[EventType "swiss"]
[EventRounds "9"]
[EventCountry "ESP"]
[Source "lmi"]
[SourceDate "2010.02.08"]

1. e4 e5 2. Nf3 Nf6 3. d4 Nxe4 4. dxe5 d5 5. exd6 Nxd6 6. Bd3 Be7 7. O-O O-O 8.
Nc3 Be6 9. Be3 Nc6 10. a3 Bc4 11. Re1 Bf6 12. Qd2 Re8 13. Rad1 Bxd3 14. Qxd3
Ne5 15. Nxe5 Bxe5 16. Bd4 Bxd4 17. Qxd4 Rxe1+ 18. Rxe1 g6 19. Nd5 Nf5 20. Nf6+
Kg7 21. Ne8+ Kg8 22. Qc3 c6 23. g4 Qd4 24. gxf5 1-0

[Event "Madrid ch Veteranos 2010"]
[Site "Madrid ESP"]
[Date "2010.02.12"]
[Round "5.19"]
[White "Pardiñas Riaño, Emilio"]
[Black "Moral Gonzalez, Vicente"]
[Result "1-0"]
[WhiteElo "1801"]
[BlackElo "1544"]
[PlyCount "41"]
[EventDate "2010.02.08"]
[EventType "swiss"]
[EventRounds "9"]
[EventCountry "ESP"]
[Source "lmi"]
[SourceDate "2010.02.08"]

1. e4 c5 2. Nf3 d6 3. d4 cxd4 4. Nxd4 Nf6 5. Nc3 a6 6. Bg5 e6 7. f4 Be7 8. Qf3
h6 9. Bh4 b5 10. Bd3 Qb6 11. Bf2 Qc7 12. a3 Nbd7 13. O-O Bb7 14. Rfe1 Nc5 15.
Qe3 Nxd3 16. cxd3 Bd8 17. Rac1 Qd7 18. h3 Rg8 19. e5 Nd5 20. Nxd5 exd5 21.
exd6+ 1-0